Las palabras mágicas / (Registro nro. 12078)

Detalles MARC
000 -LIDER
fixed length control field 00977nam a22003017a 4500
001 - NÚMERO DE CONTROL
Identificador de número de control 000736
003 - IDENTIFICACDOR DE NÚMERO DE CONTROL
control field DO-SdBPM
005 - DATE AND TIME OF LATEST TRANSACTION
control field 20250606100403.0
007 - CAMPOS FIJOS DE DESCRIPCIÓN FÍSICA
fixed length control field 000736
008 - ELEMENTOS DE LONGITUD FIJA
fixed length control field 161124b1992 sp a | 00| 0 spa d
020 ## - ISBN
International Standard Book Number 8434811626
040 ## - FUENTE DE CATALOGACIÓN
Agencia que crea de manera original el registro BPMSU
Idioma de catalogación spa
Agencia que realiza la transcripción BPMSU
082 #4 - NÚMERO DE CLASIFICACIÓN DECIMAL DE DEWEY
Classification number 863.6
Item number G633p 2015
Edition number 22
100 1# - ASIENTO PRINCIPAL -- NOMBRE PERSONAL
Nombre personal Gómez Cerdá, Alfredo,
Fechas asociadas con el nombre 1951-
245 14 - MENCIÓN DE TITULO
Título Las palabras mágicas /
Mención de responsabilidad Alfredo Gómez Cerdá ; ilustraciones y cubierta, Margarita Puncel.
250 ## - MENCIÓN DE EDICION
Mención de edición 51ª ed.
260 ## - PUBLICACIÓN, DISTRIBUCIÓN, ETC. (PIE DE IMPRENTA)
Lugar de publicación, distribución, etc Madrid :
Nombre del editor, distribuidor, etc. Ediciones SM,
Fecha de publicación, distribución, etc 2015
300 ## - DESCRIPCIÓN FÍSICA
Extensión 83 p. :
Otros detalles físicos il. ;
Dimensiones 19 cm.
490 0# - MENCIÓN DE SERIES
Mención de serie El barco de vapor;
-- Serie naranja,
Volume/sequential designation 42
500 ## - NOTA GENERAL
Nota general Apartir de 9 años
586 ## - AWARDS NOTE
Awards note Finalista del Premio El Barco de Vapor, 1982.
590 ## - NOTA LOCAL
Texto de la nota local Inventariado, 2025/VM
650 #4 - ENCABEZAMIENTO DE MATERIA--TEMÁTICO
Término temático o nombre geográfico como elemento de entrada Cuentos infantiles españoles
650 #4 - ENCABEZAMIENTO DE MATERIA--TEMÁTICO
Término temático o nombre geográfico como elemento de entrada Literatura infantil española
700 1# - ASIENTO SECUNDARIO -- NOMBRE PERSONAL
Nombre personal Puncel, Margarita,
Mención de responsabilidad ilustraciones
910 ## - VALIDACIÓN
Validación VMateo V. Control de calidad. BPMSU
942 ## - ADDED ENTRY ELEMENTS (KOHA)
Source of classification or shelving scheme Dewey Decimal Classification
Koha item type Libros
Existencias
Withdrawn status Lost status Source of classification or shelving scheme Damaged status Not for loan Collection code Home library Current library Date acquired Source of acquisition Total Checkouts Full call number Barcode Date last seen Price effective from Koha item type
    Dewey Decimal Classification     Colección Infantil General Biblioteca Pública Metropolitana Salomé Ureña Biblioteca Pública Metropolitana Salomé Ureña 11/24/2016 Donación   BPMSU CGI 863.6 G633p 2015 BPMSU16111528 11/24/2016 11/24/2016 Libros